Normal view
MARC view
- Kellerman, Jonathan
Entry Personal Name
001 - CONTROL NUMBER
- control field: 149966
003 - CONTROL NUMBER IDENTIFIER
- control field: TR-AnTOB
005 - DATE AND TIME OF LATEST TRANSACTION
- control field: 20250905143555.0
008 - FIXED-LENGTH DATA ELEMENTS
- fixed length control field: 791011n| azannaabn |b aaa
010 ## - LIBRARY OF CONGRESS CONTROL NUMBER
- LC control number: n 79116770
- Canceled/invalid LC control number: n 80048208
040 ## - CATALOGING SOURCE
- Original cataloging agency: DLC
- Language of cataloging: eng
- Description conventions: rda
- Transcribing agency: DLC
- Modifying agency: DLC
- Modifying agency: NcU
- Modifying agency: OCoLC
- Modifying agency: IlMpPL
- Modifying agency: TR-AnTOB
046 ## - SPECIAL CODED DATES
- Birth date: 1949
053 #0 - LC CLASSIFICATION NUMBER
- Classification number element--single number or beginning number of span: PS3561.E3865
100 1# - HEADING--PERSONAL NAME
- Personal name: Kellerman, Jonathan
370 ## - ASSOCIATED PLACE
- Other associated place: Los Angeles (Calif.)
372 ## - FIELD OF ACTIVITY
- Field of activity: Literature
- Field of activity: Psychology
373 ## - ASSOCIATED GROUP
- Associated group: Univ. of Southern California, School of Medicine, Children's Hospital
374 ## - OCCUPATION
- Occupation: Authors
- Occupation: Novelists
- Occupation: Clinical psychologists
400 1# - SEE FROM TRACING--PERSONAL NAME
- Personal name: Келлерман, Джонатан
400 1# - SEE FROM TRACING--PERSONAL NAME
- Personal name: קלרמן, ג׳ונתן
400 1# - SEE FROM TRACING--PERSONAL NAME
- Personal name: קרלמן, ג׳ונתן
670 ## - SOURCE DATA FOUND
- Source citation: Psychological aspects of childhood cancer, 1980, c1978 (a.e.)
- Information found: t.p. (Jonathan Kellerman; USC, Sch. of Med., Children's Hosp., Los Angeles)
670 ## - SOURCE DATA FOUND
- Source citation: Over the edge, c1987:
- Information found: t.p. (Jonathan Kellerman) dust jacket (b. 1949; clinical psychologist; writes psychological thriller novels)



